Loading...
Literature - World Literature | 2 | 2 | 0 | 0 | 50 | 58 | 96.25 | 1 | 4 |
Literature - European Literature | 0 | 5 | 1 | 1 | 45 | 105 | 124.80 | 0 | 5 |
Other Academic | 2 | 1 | 0 | 0 | 40 | 25 | 55.00 | 2 | 3 |
Literature - British Literature | 1 | 2 | 0 | 1 | 35 | 81 | 112.33 | 0 | 3 |
Fine Arts - Auditory Fine Arts | 0 | 3 | 0 | 0 | 30 | 102 | 133.67 | 1 | 3 |
Fine Arts - Visual Fine Arts | 2 | 1 | 2 | 0 | 30 | 68 | 80.33 | 3 | 3 |
Philosophy | 0 | 3 | 0 | 0 | 30 | 88 | 110.00 | 1 | 3 |
History - Ancient History | 0 | 2 | 0 | 0 | 20 | 93 | 101.00 | 0 | 2 |
Religion | 0 | 2 | 0 | 0 | 20 | 113 | 120.50 | 0 | 2 |
Social Science | 0 | 2 | 1 | 1 | 15 | 80 | 100.50 | 0 | 2 |
Geography | 1 | 0 | 0 | 0 | 15 | 59 | 59.00 | 1 | 1 |
Science - Chemistry | 0 | 1 | 0 | 0 | 10 | 86 | 86.00 | 0 | 1 |
Literature - American Literature | 0 | 1 | 0 | 0 | 10 | 103 | 103.00 | 0 | 1 |
Science - Other Science | 0 | 1 | 0 | 1 | 10 | 136 | 136.00 | 0 | 1 |
Current Events | 0 | 1 | 0 | 0 | 10 | 131 | 131.00 | 0 | 1 |
Mythology | 0 | 1 | 1 | 0 | 5 | 121 | 121.00 | 1 | 1 |
Science - Physics | 0 | 0 | 1 | 0 | -5 | 0.00 | 0 | 0 | |
History - American History | 0 | 0 | 1 | 0 | -5 | 0.00 | 0 | 0 |